[Event "26th Abu Dhabi Master 2019"]
[Site "Abu Dhabi"]
[Date "2019.08.07"]
[Round "6.21"]
[White "Bai, Jinshi"]
[Black "Laxman, R.R."]
[Result "1-0"]
[WhiteElo "2606"]
[BlackElo "2429"]
[Annotator "ChessBase"]
[PlyCount "77"]
[EventDate "2019.08.02"]
[EventType "swiss"]
[EventCountry "UAE"]
[SourceTitle "playchess.com"]
[Source "ChessBase"]
[SourceQuality "1"]
[TimeControl "5400+30"]

1. Nf3 {[%emt 0:00:30]} Nf6 {[%emt 0:00:00]} 2. g3 {[%emt 0:00:26]} d5 {[%emt 0:04:02]} 3. Bg2 {[%emt 0:00:12]} e6 {[%emt 0:02:43]} 4. O-O {[%emt 0:01:17]} Be7 {[%emt 0:00:27]} 5. c4 {[%emt 0:00:36]} dxc4 {[%emt 0:00:11]} 6. Na3 {[%emt 0:00:55]} c5 {[%emt 0:00:42]} 7. Nxc4 {[%emt 0:04:32]} Nc6 {[%emt 0:02:24]} 8. b3 {[%emt 0:02:04]} O-O {[%emt 0:00:14]} 9. Bb2 {[%emt 0:00:13]} Nd5 {[%emt 0:01:24]} 10. d4 {[%emt 0:10:22]} b5 {[%emt 0:05:24]} 11. Nce5 {[%emt 0:01:24]} Nxe5 {[%emt 0:00:04]} 12. Nxe5 {[%emt 0:00:12]} Bb7 {[%emt 0:00:02]} 13. dxc5 {[%emt 0:10:19]} Bxc5 {[%emt 0:00:07]} 14. Rc1 {[%emt 0:00:04]} Rc8 {[%emt 0:00:14]} 15. Bxd5 {[%emt 0:18:50]} Bxd5 {[%emt 0:10:34]} 16. e4 {[%emt 0:07:21]} Bxe4 {[%emt 0:02:38]} 17. Nd7 {[%emt 0:00:19]} Qg5 {[%emt 0:00:20]} 18. Nxf8 {[%emt 0:09:41]} Rxf8 {[%emt 0:00:06]} 19. Qe2 {[%emt 0:02:26]} Ba8 {[%emt 0:00:24]} 20. Qe5 {[%emt 0:02:35]} Qxe5 {[%emt 0:00:05]} 21. Bxe5 {[%emt 0:00:02]} Bb6 {[%emt 0:00:12]} 22. Rfd1 {[%emt 0:07:15]} Bd5 {[%emt 0:00:06]} 23. Bc7 {[%emt 0:00:48]} h5 {[%emt 0:00:46]} 24. Bxb6 {[%emt 0:01:24]} axb6 {[%emt 0:00:01]} 25. f4 {[%emt 0:00:07]} Ra8 {[%emt 0:00:33]} 26. Rd2 {[%emt 0:00:48]} g6 {[%emt 0:04:03]} 27. Rc7 {[%emt 0:00:27]} Kg7 {[%emt 0:00:11]} 28. Kf2 {[%emt 0:00:19]} Kf6 {[%emt 0:00:12]} 29. Ke3 {[%emt 0:00:15]} b4 {[%emt 0:02:53]} 30. Rcc2 {[%emt 0:02:54]} Ra5 {[%emt 0:00:34]} 31. Rd4 {[%emt 0:00:32]} Rb5 {[%emt 0:00:04]} 32. h3 {[%emt 0:00:56]} e5 {[%emt 0:02:58]} 33. fxe5+ {[%emt 0:06:05]} Kxe5 {[%emt 0:00:23]} 34. h4 {[%emt 0:00:47]} f6 {[%emt 0:01:17]} 35. Rc8 {[%emt 0:00:30]} g5 {[%emt 0:05:15]} 36. Rh8 {[%emt 0:01:29]} Bf7 {[%emt 0:00:39]} 37. Rh7 {[%emt 0:01:06]} Bg6 {[%emt 0:00:27]} 38. Re7+ {[%emt 0:00:49]} Kf5 {[%emt 0:00:02]} 39. Kf3 {[%emt 0:01:26]} 1-0

[Event "26th Abu Dhabi Master 2019"]
[Site "Abu Dhabi"]
[Date "2019.08.07"]
[Round "6.22"]
[White "Sammed Jaykumar, Shete"]
[Black "Santos Latasa, Jaime"]
[Result "0-1"]
[WhiteElo "2416"]
[BlackElo "2594"]
[Annotator "ChessBase"]
[PlyCount "68"]
[EventDate "2019.08.02"]
[EventType "swiss"]
[EventCountry "UAE"]
[SourceTitle "playchess.com"]
[Source "ChessBase"]
[SourceQuality "1"]
[TimeControl "5400+30"]

1. e4 {[%emt 0:00:00]} c6 {[%emt 0:00:00]} 2. Nf3 {[%emt 0:00:02]} d5 {[%emt 0:00:00]} 3. exd5 {[%emt 0:00:12]} cxd5 {[%emt 0:00:00]} 4. Ne5 {[%emt 0:00:04]} Qb6 {[%emt 0:00:00]} 5. d4 {[%emt 0:01:55]} Nc6 {[%emt 0:00:08]} 6. Nxc6 {[%emt 0:01:43]} bxc6 {[%emt 0:00:25]} 7. Be2 {[%emt 0:03:22]} Ba6 {[%emt 0:04:31]} 8. c3 {[%emt 0:03:26]} e6 {[%emt 0:00:45]} 9. O-O {[%emt 0:00:40]} Bxe2 {[%emt 0:00:21]} 10. Qxe2 {[%emt 0:00:05]} Bd6 {[%emt 0:00:09]} 11. f4 {[%emt 0:06:37]} Ne7 {[%emt 0:05:17]} 12. Nd2 {[%emt 0:03:14]} O-O {[%emt 0:02:16]} 13. Nf3 {[%emt 0:00:23]} c5 {[%emt 0:01:03]} 14. dxc5 {[%emt 0:01:27]} Bxc5+ {[%emt 0:00:58]} 15. Kh1 {[%emt 0:00:05]} a5 {[%emt 0:00:48]} 16. Ne5 {[%emt 0:01:08]} Qb7 {[%emt 0:01:18]} 17. Nd3 {[%emt 0:02:58]} Bd6 {[%emt 0:00:25]} 18. Bd2 {[%emt 0:05:51]} a4 {[%emt 0:02:40]} 19. Rf3 {[%emt 0:00:48]} Rac8 {[%emt 0:00:07]} 20. Rh3 {[%emt 0:04:29]} Nf5 {[%emt 0:01:56]} 21. Qh5 {[%emt 0:10:52]} h6 {[%emt 0:00:12]} 22. Qf3 {[%emt 0:03:04]} Be7 {[%emt 0:06:46]} 23. g4 {[%emt 0:06:51]} Nh4 {[%emt 0:01:24]} 24. Qf2 {[%emt 0:01:50]} d4+ {[%emt 0:00:14]} 25. Kg1 {[%emt 0:00:27]} a3 {[%emt 0:00:21]} 26. c4 {[%emt 0:05:38]} axb2 {[%emt 0:01:30]} 27. Rb1 {[%emt 0:00:09]} Qe4 {[%emt 0:04:50]} 28. Rxb2 {[%emt 0:02:29]} Rb8 {[%emt 0:01:09]} 29. Rb3 {[%emt 0:03:38]} Rxb3 {[%emt 0:01:45]} 30. axb3 {[%emt 0:00:04]} Ra8 {[%emt 0:00:08]} 31. Ne1 {[%emt 0:02:01]} Ra2 {[%emt 0:01:47]} 32. Rd3 {[%emt 0:01:22]} Ra1 {[%emt 0:00:14]} 33. Qf1 {[%emt 0:01:28]} Ng2 {[%emt 0:01:37]} 34. Qxg2 {[%emt 0:03:44]} Qxd3 {[%emt 0:00:08]} 0-1

[Event "26th Abu Dhabi Master 2019"]
[Site "Abu Dhabi"]
[Date "2019.08.07"]
[Round "6.23"]
[White "Soumya, Swaminathan"]
[Black "Paichadze, Luka"]
[Result "0-1"]
[WhiteElo "2402"]
[BlackElo "2567"]
[Annotator "ChessBase"]
[PlyCount "111"]
[EventDate "2019.08.02"]
[EventType "swiss"]
[EventCountry "UAE"]
[SourceTitle "playchess.com"]
[Source "ChessBase"]
[SourceQuality "1"]
[TimeControl "5400+30"]

1. e4 {[%emt 0:00:00]} d6 {[%emt 0:00:00]} 2. d4 {[%emt 0:00:15]} Nf6 {[%emt 0:00:00]} 3. Nc3 {[%emt 0:00:06]} e5 {[%emt 0:00:00]} 4. Nf3 {[%emt 0:00:24]} Nbd7 {[%emt 0:00:01]} 5. Bc4 {[%emt 0:00:15]} Be7 {[%emt 0:00:06]} 6. O-O {[%emt 0:00:31]} O-O {[%emt 0:00:07]} 7. a4 {[%emt 0:00:08]} a5 {[%emt 0:00:08]} 8. Re1 {[%emt 0:00:07]} b6 {[%emt 0:00:09]} 9. b3 {[%emt 0:02:35]} Bb7 {[%emt 0:00:22]} 10. Ba3 {[%emt 0:00:21]} h6 {[%emt 0:02:46]} 11. Qd2 {[%emt 0:03:30]} Re8 {[%emt 0:03:22]} 12. Bb5 {[%emt 0:09:55]} c6 {[%emt 0:03:50]} 13. Bf1 {[%emt 0:04:38]} Qc7 {[%emt 0:05:27]} 14. Nh4 {[%emt 0:17:44]} Bf8 {[%emt 0:16:27]} 15. Nf5 {[%emt 0:01:48]} exd4 {[%emt 0:05:25]} 16. Qxd4 {[%emt 0:06:48]} c5 {[%emt 0:05:43]} 17. Qd3 {[%emt 0:00:19]} g6 {[%emt 0:05:30]} 18. Ne3 {[%emt 0:19:49]} Ne5 {[%emt 0:05:37]} 19. Qd1 {[%emt 0:00:17]} Nxe4 {[%emt 0:08:44]} 20. Ned5 {[%emt 0:04:56]} Nxc3 {[%emt 0:01:10]} 21. Nxc7 {[%emt 0:00:05]} Nxd1 {[%emt 0:00:05]} 22. Raxd1 {[%emt 0:02:25]} g5 {[%emt 0:01:47]} 23. Bb5 {[%emt 0:03:24]} Re7 {[%emt 0:03:54]} 24. Nxa8 {[%emt 0:00:10]} Bxa8 {[%emt 0:00:04]} 25. Bb2 {[%emt 0:02:33]} Bg7 {[%emt 0:03:23]} 26. c4 {[%emt 0:11:05]} f5 {[%emt 0:04:29]} 27. Kf1 {[%emt 0:01:09]} Be4 {[%emt 0:02:27]} 28. f3 {[%emt 0:01:31]} Nd3 {[%emt 0:07:18]} 29. Bxg7 {[%emt 0:02:25]} Nxe1 {[%emt 0:00:12]} 30. fxe4 {[%emt 0:02:31]} Nc2 {[%emt 0:00:05]} 31. Rd2 {[%emt 0:00:41]} Ne3+ {[%emt 0:00:11]} 32. Ke2 {[%emt 0:00:08]} Rxe4 {[%emt 0:01:22]} 33. Bc6 {[%emt 0:00:21]} d5 {[%emt 0:00:16]} 34. Ba1 {[%emt 0:03:34]} Nxc4+ {[%emt 0:03:38]} 35. Kd1 {[%emt 0:00:21]} Nxd2 {[%emt 0:04:17]} 36. Bxd5+ {[%emt 0:00:01]} Kh7 {[%emt 0:00:07]} 37. Kxd2 {[%emt 0:00:02]} Re7 {[%emt 0:00:20]} 38. Bc4 {[%emt 0:01:29]} Kg6 {[%emt 0:00:08]} 39. Bc3 {[%emt 0:00:19]} h5 {[%emt 0:00:06]} 40. Be2 {[%emt 0:00:21]} Rd7+ {[%emt 0:00:25]} 41. Ke3 {[%emt 0:00:29]} f4+ {[%emt 0:00:17]} 42. Kf3 {[%emt 0:00:32]} Kf5 {[%emt 0:00:16]} 43. h3 {[%emt 0:00:18]} g4+ {[%emt 0:00:06]} 44. hxg4+ {[%emt 0:00:06]} hxg4+ {[%emt 0:00:04]} 45. Kf2 {[%emt 0:00:04]} Kg5 {[%emt 0:00:42]} 46. Bc4 {[%emt 0:01:01]} Rd1 {[%emt 0:00:39]} 47. Ke2 {[%emt 0:00:29]} Rg1 {[%emt 0:00:17]} 48. Bd5 {[%emt 0:00:08]} Kf5 {[%emt 0:00:48]} 49. Bb7 {[%emt 0:00:59]} Rb1 {[%emt 0:03:09]} 50. Bc8+ {[%emt 0:00:06]} Kg5 {[%emt 0:00:32]} 51. Be6 {[%emt 0:00:07]} f3+ {[%emt 0:05:51]} 52. Kf2 {[%emt 0:00:15]} Kf4 {[%emt 0:00:56]} 53. gxf3 {[%emt 0:00:24]} gxf3 {[%emt 0:00:06]} 54. Bg7 {[%emt 0:02:27]} Rh1 {[%emt 0:00:19]} 55. Bc4 {[%emt 0:00:33]} Rh2+ {[%emt 0:00:07]} 56. Ke1 {[%emt 0:00:23] Ke5} 0-1

[Event "26th Abu Dhabi Master 2019"]
[Site "Abu Dhabi"]
[Date "2019.08.07"]
[Round "6.24"]
[White "Vaishali R"]
[Black "Santos Ruiz, Miguel"]
[Result "1/2-1/2"]
[WhiteElo "2344"]
[BlackElo "2567"]
[Annotator "ChessBase"]
[PlyCount "75"]
[EventDate "2019.08.02"]
[EventType "swiss"]
[EventCountry "UAE"]
[SourceTitle "playchess.com"]
[Source "ChessBase"]
[SourceQuality "1"]
[TimeControl "5400+30"]

1. e4 {[%emt 0:00:00]} c5 {[%emt 0:00:00]} 2. Nf3 {[%emt 0:00:00]} d6 {[%emt 0:00:00]} 3. d4 {[%emt 0:00:05]} cxd4 {[%emt 0:00:00]} 4. Nxd4 {[%emt 0:00:05]} Nf6 {[%emt 0:00:00]} 5. Nc3 {[%emt 0:00:06]} a6 {[%emt 0:00:00]} 6. Be2 {[%emt 0:00:14]} e5 {[%emt 0:00:50]} 7. Nb3 {[%emt 0:00:07]} Be7 {[%emt 0:00:05]} 8. Be3 {[%emt 0:00:05]} Be6 {[%emt 0:00:05]} 9. f4 {[%emt 0:00:11]} exf4 {[%emt 0:06:58]} 10. Bxf4 {[%emt 0:00:03]} Nc6 {[%emt 0:00:03]} 11. Qd2 {[%emt 0:00:14]} d5 {[%emt 0:13:03]} 12. exd5 {[%emt 0:00:12]} Nxd5 {[%emt 0:02:47]} 13. Nxd5 {[%emt 0:00:08]} Qxd5 {[%emt 0:00:45]} 14. O-O-O {[%emt 0:00:26]} Qxd2+ {[%emt 0:09:31]} 15. Rxd2 {[%emt 0:00:03]} O-O {[%emt 0:04:29]} 16. Bf3 {[%emt 0:14:39]} Rad8 {[%emt 0:09:31]} 17. Rhd1 {[%emt 0:03:06]} Rxd2 {[%emt 0:11:18]} 18. Rxd2 {[%emt 0:00:12]} Rd8 {[%emt 0:00:19]} 19. Rxd8+ {[%emt 0:03:35]} Nxd8 {[%emt 0:00:33]} 20. Nd4 {[%emt 0:18:44]} Bd7 {[%emt 0:06:06]} 21. Kd2 {[%emt 0:05:26]} Kf8 {[%emt 0:02:24]} 22. Kd3 {[%emt 0:06:15]} Ke8 {[%emt 0:01:59]} 23. Bc7 {[%emt 0:02:09]} Nc6 {[%emt 0:01:33]} 24. c3 {[%emt 0:03:14]} Nxd4 {[%emt 0:04:59]} 25. cxd4 {[%emt 0:01:54]} Bf5+ {[%emt 0:04:30]} 26. Kc3 {[%emt 0:02:27]} Kd7 {[%emt 0:00:35]} 27. Be5 {[%emt 0:02:03]} f6 {[%emt 0:00:18]} 28. Bg3 {[%emt 0:01:24]} b6 {[%emt 0:00:50]} 29. Bb7 {[%emt 0:03:28]} a5 {[%emt 0:01:10]} 30. Kc4 {[%emt 0:01:04]} Bd8 {[%emt 0:03:15]} 31. d5 {[%emt 0:11:04]} Be4 {[%emt 0:00:26]} 32. Bc6+ {[%emt 0:00:22]} Kc8 {[%emt 0:00:03]} 33. Kb5 {[%emt 0:02:32]} Bd3+ {[%emt 0:03:53]} 34. Ka4 {[%emt 0:00:05]} Be4 {[%emt 0:00:02]} 35. Kb5 {[%emt 0:02:20]} Bd3+ {[%emt 0:00:22]} 36. Ka4 {[%emt 0:00:02]} Be4 {[%emt 0:00:04]} 37. Ba8 {[%emt 0:04:11]} Kd7 {[%emt 0:03:25]} 38. Bc6+ {[%emt 0:01:51]} 1/2-1/2

[Event "26th Abu Dhabi Master 2019"]
[Site "Abu Dhabi"]
[Date "2019.08.07"]
[Round "6.25"]
[White "Rakesh Kumar Jena"]
[Black "Sengupta, Deep"]
[Result "0-1"]
[WhiteElo "2395"]
[BlackElo "2558"]
[Annotator "ChessBase"]
[PlyCount "58"]
[EventDate "2019.08.02"]
[EventType "swiss"]
[EventCountry "UAE"]
[SourceTitle "playchess.com"]
[Source "ChessBase"]
[SourceQuality "1"]
[TimeControl "5400+30"]

1. d4 {[%emt 0:00:00]} c5 {[%emt 0:00:17]} 2. d5 {[%emt 0:00:00]} g6 {[%emt 0:00:08]} 3. e4 {[%emt 0:00:32]} Bg7 {[%emt 0:00:04]} 4. f4 {[%emt 0:00:18]} d6 {[%emt 0:00:08]} 5. Nf3 {[%emt 0:00:13]} e6 {[%emt 0:04:51]} 6. c4 {[%emt 0:05:51]} exd5 {[%emt 0:06:20]} 7. cxd5 {[%emt 0:02:50]} Nf6 {[%emt 0:02:32]} 8. Nc3 {[%emt 0:00:14]} O-O {[%emt 0:00:06]} 9. Bd3 {[%emt 0:03:08]} b5 {[%emt 0:12:43]} 10. e5 {[%emt 0:05:08]} dxe5 {[%emt 0:00:31]} 11. fxe5 {[%emt 0:00:06]} Ng4 {[%emt 0:00:04]} 12. Bxb5 {[%emt 0:00:19]} Nxe5 {[%emt 0:00:36]} 13. O-O {[%emt 0:00:08]} Bg4 {[%emt 0:05:36]} 14. Be2 {[%emt 0:02:19]} Bxf3 {[%emt 0:00:08]} 15. Bxf3 {[%emt 0:01:18]} Nbd7 {[%emt 0:00:07]} 16. Be2 {[%emt 0:04:25]} Rb8 {[%emt 0:02:52]} 17. Qc2 {[%emt 0:01:35]} f5 {[%emt 0:02:50]} 18. a4 {[%emt 0:05:11]} Rb4 {[%emt 0:02:10]} 19. Na2 {[%emt 0:03:55]} Rd4 {[%emt 0:03:37]} 20. Be3 {[%emt 0:01:11]} Re4 {[%emt 0:19:19]} 21. Bf2 {[%emt 0:00:17]} Qg5 {[%emt 0:00:06]} 22. Rae1 {[%emt 0:05:14]} Ng4 {[%emt 0:03:36]} 23. h4 {[%emt 0:04:46]} Qd8 {[%emt 0:06:00]} 24. Bxg4 {[%emt 0:01:02]} Rxg4 {[%emt 0:00:02]} 25. d6 {[%emt 0:01:30]} Qa8 {[%emt 0:04:34]} 26. Qb3+ {[%emt 0:06:30]} c4 {[%emt 0:00:31]} 27. Qh3 {[%emt 0:00:06]} Ne5 {[%emt 0:00:27]} 28. Bg3 {[%emt 0:01:21]} Qd5 {[%emt 0:03:50]} 29. Rd1 {[%emt 0:00:34]} Nd3 {[%emt 0:01:38]} 0-1

[Event "26th Abu Dhabi Master 2019"]
[Site "Abu Dhabi"]
[Date "2019.08.07"]
[Round "6.26"]
[White "Bajarani, Ulvi"]
[Black "Senthil Maran K"]
[Result "1-0"]
[WhiteElo "2485"]
[BlackElo "2222"]
[Annotator "ChessBase"]
[PlyCount "73"]
[EventDate "2019.08.02"]
[EventType "swiss"]
[EventCountry "UAE"]
[SourceTitle "playchess.com"]
[Source "ChessBase"]
[SourceQuality "1"]
[TimeControl "5400+30"]

1. d4 {[%emt 0:00:00]} Nf6 {[%emt 0:04:49]} 2. c4 {[%emt 0:00:00]} c6 {[%emt 0:00:05]} 3. Nc3 {[%emt 0:00:00]} d5 {[%emt 0:00:08]} 4. Nf3 {[%emt 0:00:17]} e6 {[%emt 0:03:08]} 5. Bg5 {[%emt 0:00:34]} h6 {[%emt 0:02:01]} 6. Bxf6 {[%emt 0:00:06]} Qxf6 {[%emt 0:00:10]} 7. e3 {[%emt 0:01:03]} Nd7 {[%emt 0:01:13]} 8. a3 {[%emt 0:00:27]} g6 {[%emt 0:00:37]} 9. cxd5 {[%emt 0:00:32]} exd5 {[%emt 0:00:39]} 10. b4 {[%emt 0:00:04]} a6 {[%emt 0:00:57]} 11. Bd3 {[%emt 0:01:37]} Bg7 {[%emt 0:02:45]} 12. O-O {[%emt 0:00:15]} O-O {[%emt 0:00:13]} 13. a4 {[%emt 0:00:10]} g5 {[%emt 0:12:36]} 14. b5 {[%emt 0:01:02]} a5 {[%emt 0:08:15]} 15. bxc6 {[%emt 0:00:19]} bxc6 {[%emt 0:00:02]} 16. Rb1 {[%emt 0:01:08]} g4 {[%emt 0:02:35]} 17. Nd2 {[%emt 0:01:08]} Qg5 {[%emt 0:02:00]} 18. Qc2 {[%emt 0:06:36]} c5 {[%emt 0:13:55]} 19. Nxd5 {[%emt 0:06:48]} cxd4 {[%emt 0:14:54]} 20. Nc7 {[%emt 0:01:17]} Rb8 {[%emt 0:02:46]} 21. Ne4 {[%emt 0:05:06]} Qe5 {[%emt 0:03:43]} 22. exd4 {[%emt 0:01:09]} Qxd4 {[%emt 0:00:13]} 23. Nb5 {[%emt 0:02:32]} Qe5 {[%emt 0:01:09]} 24. Rfe1 {[%emt 0:00:43]} Ba6 {[%emt 0:06:29]} 25. Qd1 {[%emt 0:09:20]} Rbd8 {[%emt 0:03:53]} 26. Qxg4 {[%emt 0:09:23]} f5 {[%emt 0:01:00]} 27. Qg6 {[%emt 0:00:04]} fxe4 {[%emt 0:01:28]} 28. Bxe4 {[%emt 0:00:13]} Nf6 {[%emt 0:01:23]} 29. Bf5 {[%emt 0:00:08]} Qc5 {[%emt 0:05:07]} 30. Rec1 {[%emt 0:03:03]} Qd5 {[%emt 0:04:23]} 31. Nc7 {[%emt 0:00:25]} Qd6 {[%emt 0:00:01]} 32. Nxa6 {[%emt 0:00:35]} Nd5 {[%emt 0:00:41]} 33. Qh7+ {[%emt 0:02:03]} Kf7 {[%emt 0:00:01]} 34. Nc5 {[%emt 0:00:42]} Rh8 {[%emt 0:02:04]} 35. Be6+ {[%emt 0:00:08]} Kf8 {[%emt 0:01:29]} 36. Qf5+ {[%emt 0:00:12]} Nf6 {[%emt 0:00:21]} 37. h3 {[%emt 0:00:11]} 1-0

[Event "26th Abu Dhabi Master 2019"]
[Site "Abu Dhabi"]
[Date "2019.08.07"]
[Round "6.27"]
[White "Viani Antonio Dcunha"]
[Black "Kiriakov, Petr"]
[Result "1/2-1/2"]
[WhiteElo "2371"]
[BlackElo "2516"]
[Annotator "ChessBase"]
[PlyCount "62"]
[EventDate "2019.08.02"]
[EventType "swiss"]
[EventCountry "UAE"]
[SourceTitle "playchess.com"]
[Source "ChessBase"]
[SourceQuality "1"]
[TimeControl "5400+30"]

1. e4 {[%emt 0:00:46]} e6 {[%emt 0:00:00]} 2. d3 {[%emt 0:00:11]} d5 {[%emt 0:00:00]} 3. Nd2 {[%emt 0:00:14]} Nf6 {[%emt 0:02:17]} 4. Ngf3 {[%emt 0:00:25]} Be7 {[%emt 0:00:48]} 5. g3 {[%emt 0:00:29]} O-O {[%emt 0:00:38]} 6. Bg2 {[%emt 0:00:16]} b5 {[%emt 0:01:05]} 7. O-O {[%emt 0:02:26]} b4 {[%emt 0:02:07]} 8. e5 {[%emt 0:02:56]} Nfd7 {[%emt 0:00:13]} 9. Re1 {[%emt 0:00:26]} c5 {[%emt 0:00:47]} 10. h4 {[%emt 0:01:54]} a5 {[%emt 0:01:12]} 11. Nf1 {[%emt 0:01:18]} Nc6 {[%emt 0:00:47]} 12. N1h2 {[%emt 0:03:23]} Ba6 {[%emt 0:06:46]} 13. h5 {[%emt 0:03:54]} a4 {[%emt 0:05:38]} 14. a3 {[%emt 0:04:45]} bxa3 {[%emt 0:04:32]} 15. bxa3 {[%emt 0:00:11]} c4 {[%emt 0:04:24]} 16. d4 {[%emt 0:00:41]} c3 {[%emt 0:00:45]} 17. Ng4 {[%emt 0:05:07]} Na5 {[%emt 0:04:11]} 18. Bf4 {[%emt 0:05:16]} Nc4 {[%emt 0:08:32]} 19. Qc1 {[%emt 0:01:10]} Rb8 {[%emt 0:09:47]} 20. Bf1 {[%emt 0:02:17]} Rb6 {[%emt 0:15:55]} 21. h6 {[%emt 0:08:15]} g6 {[%emt 0:00:42]} 22. Kg2 {[%emt 0:02:50]} Nb2 {[%emt 0:10:20]} 23. Bxa6 {[%emt 0:03:20]} Rxa6 {[%emt 0:00:03]} 24. Bg5 {[%emt 0:03:18]} Nc4 {[%emt 0:02:18]} 25. Qf4 {[%emt 0:04:15]} Rb6 {[%emt 0:03:52]} 26. Ne3 {[%emt 0:10:34]} Bxg5 {[%emt 0:04:46]} 27. Nxg5 {[%emt 0:02:20]} Nd2 {[%emt 0:00:16]} 28. Nf1 {[%emt 0:08:34]} Nc4 {[%emt 0:01:46]} 29. Ne3 {[%emt 0:01:56]} Nd2 {[%emt 0:00:21]} 30. Nf1 {[%emt 0:00:56]} Nc4 {[%emt 0:04:25]} 31. Ne3 {[%emt 0:01:55]} Nd2 1/2-1/2

[Event "26th Abu Dhabi Master 2019"]
[Site "Abu Dhabi"]
[Date "2019.08.07"]
[Round "6.28"]
[White "Arjun Kalyan"]
[Black "Aronyak Ghosh"]
[Result "0-1"]
[WhiteElo "2482"]
[BlackElo "2349"]
[Annotator "ChessBase"]
[PlyCount "112"]
[EventDate "2019.08.02"]
[EventType "swiss"]
[EventCountry "UAE"]
[SourceTitle "playchess.com"]
[Source "ChessBase"]
[SourceQuality "1"]
[TimeControl "5400+30"]

1. e4 {[%emt 0:00:00]} Nf6 {[%emt 0:00:04]} 2. e5 {[%emt 0:00:03]} Nd5 {[%emt 0:00:05]} 3. d4 {[%emt 0:00:11]} d6 {[%emt 0:00:05]} 4. Nf3 {[%emt 0:00:13]} dxe5 {[%emt 0:00:06]} 5. Nxe5 {[%emt 0:00:11]} c6 {[%emt 0:00:10]} 6. Be2 {[%emt 0:00:42]} Bf5 {[%emt 0:00:07]} 7. O-O {[%emt 0:00:49]} Nd7 {[%emt 0:00:05]} 8. c4 {[%emt 0:03:28]} Nb4 {[%emt 0:00:07]} 9. Ng4 {[%emt 0:00:25]} e5 {[%emt 0:00:06]} 10. Na3 {[%emt 0:12:39]} exd4 {[%emt 0:12:38]} 11. Qxd4 {[%emt 0:01:46]} h5 {[%emt 0:00:23]} 12. Nh6 {[%emt 0:32:31]} Rxh6 {[%emt 0:07:51]} 13. Bxh6 {[%emt 0:00:09]} gxh6 {[%emt 0:00:04]} 14. Rfe1 {[%emt 0:05:51]} Qf6 {[%emt 0:05:20]} 15. Bg4+ {[%emt 0:01:11]} Be6 {[%emt 0:00:07]} 16. Qxf6 {[%emt 0:02:50]} Nxf6 {[%emt 0:00:02]} 17. Bxe6 {[%emt 0:00:07]} fxe6 {[%emt 0:00:02]} 18. Rxe6+ {[%emt 0:00:01]} Kf7 {[%emt 0:00:01]} 19. Re2 {[%emt 0:01:19]} Rd8 {[%emt 0:01:10]} 20. f3 {[%emt 0:02:27]} Bc5+ {[%emt 0:00:48]} 21. Kf1 {[%emt 0:00:06]} h4 {[%emt 0:01:14]} 22. Nc2 {[%emt 0:00:55]} Nxc2 {[%emt 0:02:16]} 23. Rxc2 {[%emt 0:00:01]} h3 {[%emt 0:00:08]} 24. gxh3 {[%emt 0:12:00]} Rd3 {[%emt 0:03:16]} 25. Re1 {[%emt 0:03:38]} Rxf3+ {[%emt 0:00:48]} 26. Kg2 {[%emt 0:00:02]} Rf4 {[%emt 0:01:32]} 27. b3 {[%emt 0:00:47]} a5 {[%emt 0:04:20]} 28. Rce2 {[%emt 0:01:23]} Rd4 {[%emt 0:04:12]} 29. Rf1 {[%emt 0:00:22]} b6 {[%emt 0:01:53]} 30. Rf5 {[%emt 0:04:53]} Kg6 {[%emt 0:02:26]} 31. Rf3 {[%emt 0:02:46]} Rd1 {[%emt 0:02:32]} 32. Rf1 {[%emt 0:02:15]} Rxf1 {[%emt 0:00:14]} 33. Kxf1 {[%emt 0:00:01]} Kf5 {[%emt 0:00:08]} 34. Kg2 {[%emt 0:00:41]} Ne4 {[%emt 0:00:46]} 35. Kf3 {[%emt 0:03:07]} Ng5+ {[%emt 0:00:06]} 36. Kg3 {[%emt 0:00:08]} Ne6 {[%emt 0:00:46]} 37. Rd2 {[%emt 0:00:24]} Bd4 {[%emt 0:00:08]} 38. Rd1 {[%emt 0:01:27]} Nf4 {[%emt 0:03:45]} 39. Kf3 {[%emt 0:00:57]} c5 {[%emt 0:01:35]} 40. Re1 {[%emt 0:00:37]} Be5 {[%emt 0:00:01]} 41. Rd1 {[%emt 0:00:23]} Bd4 {[%emt 0:00:36]} 42. Re1 {[%emt 0:00:02]} Ne6 {[%emt 0:00:07]} 43. h4 {[%emt 0:01:30]} Bf6 {[%emt 0:00:19]} 44. Rg1 {[%emt 0:01:38]} Nd4+ {[%emt 0:11:09]} 45. Ke3 {[%emt 0:00:05]} Bxh4 {[%emt 0:03:06]} 46. Rg8 {[%emt 0:00:25]} Bg5+ {[%emt 0:00:07]} 47. Kf2 {[%emt 0:02:41]} Bf4 {[%emt 0:00:49]} 48. Rf8+ {[%emt 0:00:46]} Ke4 {[%emt 0:01:29]} 49. Rf6 {[%emt 0:00:08]} Bxh2 {[%emt 0:00:04]} 50. Rxb6 {[%emt 0:01:17]} Bf4 {[%emt 0:00:12]} 51. Ra6 {[%emt 0:01:55]} Bd2 {[%emt 0:00:05]} 52. Ra8 {[%emt 0:00:29]} Kd3 {[%emt 0:00:12]} 53. Rc8 {[%emt 0:00:41]} Bb4 {[%emt 0:00:05]} 54. Rh8 {[%emt 0:00:42]} Kc2 {[%emt 0:00:06]} 55. Rxh6 {[%emt 0:00:09]} Kb2 {[%emt 0:00:03]} 56. Ke3 {[%emt 0:00:50]} Nf5+ {[%emt 0:00:03]} 0-1

[Event "26th Abu Dhabi Master 2019"]
[Site "Abu Dhabi"]
[Date "2019.08.07"]
[Round "6.29"]
[White "Venkatesh, M.R."]
[Black "Mahalakshmi, M."]
[Result "0-1"]
[WhiteElo "2480"]
[BlackElo "2173"]
[Annotator "ChessBase"]
[PlyCount "62"]
[EventDate "2019.08.02"]
[EventType "swiss"]
[EventCountry "UAE"]
[SourceTitle "playchess.com"]
[Source "ChessBase"]
[SourceQuality "1"]
[TimeControl "5400+30"]

1. e4 {[%emt 0:00:00]} c6 {[%emt 0:00:00]} 2. d4 {[%emt 0:00:03]} d5 {[%emt 0:00:00]} 3. Nd2 {[%emt 0:00:06]} dxe4 {[%emt 0:00:00]} 4. Nxe4 {[%emt 0:00:06]} Nf6 5. Nxf6+ {[%emt 0:00:33]} exf6 {[%emt 0:00:00]} 6. c3 {[%emt 0:00:10]} Bd6 {[%emt 0:00:00]} 7. Bd3 {[%emt 0:00:09]} O-O {[%emt 0:00:05]} 8. Ne2 {[%emt 0:00:05]} Re8 {[%emt 0:00:29]} 9. Qc2 {[%emt 0:00:18]} h5 {[%emt 0:00:02]} 10. O-O {[%emt 0:00:21]} h4 {[%emt 0:00:13]} 11. h3 {[%emt 0:12:37]} Nd7 {[%emt 0:00:09]} 12. Kh1 {[%emt 0:08:00]} Nf8 {[%emt 0:03:16]} 13. Ng1 {[%emt 0:03:32]} Bc7 {[%emt 0:07:10]} 14. f4 {[%emt 0:02:26]} Ne6 {[%emt 0:07:15]} 15. Bc4 {[%emt 0:08:14]} b5 {[%emt 0:03:22]} 16. Bb3 {[%emt 0:00:18]} Qd6 {[%emt 0:04:16]} 17. Qf2 {[%emt 0:17:10]} g5 {[%emt 0:03:16]} 18. Qc2 {[%emt 0:04:18]} Ng7 {[%emt 0:03:33]} 19. Nf3 {[%emt 0:04:30]} Bf5 {[%emt 0:04:14]} 20. Qf2 {[%emt 0:00:52]} Nh5 {[%emt 0:05:18]} 21. Nxh4 {[%emt 0:06:40]} gxh4 {[%emt 0:01:57]} 22. Qxh4 {[%emt 0:00:06]} Ng7 {[%emt 0:01:58]} 23. Rf3 {[%emt 0:02:56]} Bg6 {[%emt 0:08:28]} 24. Rg3 {[%emt 0:01:25]} Re1+ {[%emt 0:07:08]} 25. Kh2 {[%emt 0:00:05]} Rxc1 {[%emt 0:00:53]} 26. Bxf7+ {[%emt 0:02:10]} Kxf7 {[%emt 0:03:04]} 27. Qh6 {[%emt 0:00:11]} Rxa1 {[%emt 0:05:59]} 28. Qxg6+ {[%emt 0:00:56]} Ke6 {[%emt 0:01:30]} 29. Qe4+ {[%emt 0:07:10]} Kd7 {[%emt 0:00:48]} 30. Rxg7+ {[%emt 0:00:07]} Kc8 {[%emt 0:00:19]} 31. Qf5+ {[%emt 0:00:35]} Kb8 {[%emt 0:02:10]} 0-1